000 01521nam a2200289 a 4500
005 20260112063227.0
020 _a9781599042923 (hardcover)
020 _a1599042924 (hardcover)
020 _a9781599042947 (ebook)
020 _a1599042940 (ebook)
039 _a202110251241
_bstaff
_c201211290214
_d staff
_c200907300515
_d staff
_y 200907300514
_z staff
050 _a658.4038
_bHUN
082 _a658.4038
_bHUN [ Shelf 53 ]
245 _aStrategic use of information technology for global organizations /
_cM. Gordon Hunter, Felix B. Tan [editors].
260 _aHershey, PA :
_bIGI Pub.,
_cc2007.
300 _aix, 397 p. :
_bill. ;
_c27 cm.
504 _aIncludes bibliographical references and index.
520 _a"This book provides valuable insights into the role of the CIO, his interaction within the organization and external relationships with vendors and suppliers. It emphasizes the need for balance between management and technology in the role of CIO, and focuses on this role as an expert on information technology, and a leader in the appropriate application of IT"--Provided by publisher.
650 _aInformation technology
_x Management.
650 _aStrategic planning.
700 _aHunter, M. Gordon.
700 _aTan, Felix B.,
_d 1959-
856 _Table of contents only
_u http://www.loc.gov/catdir/toc/ecip0711/2007007261.html
991 _aVIRTUA40
991 _aVTLSSORT0080*0200*0201*0202*0203*0500*0820*2450*2600*3000*5040*5200*6500*6501*7000*7001*8560*9992
909 _a648
999 _c641
_d641